Sports Quiz

Random Sports or NFL Quiz

NFC West Champions Quiz Stats

 Plays Quiz not verified by Sporcle

Score 0/49 Timer 10:00
0 Plays Today
Year Team % Correct
1970San Francisco 49ers
97.2%
2016Seattle Seahawks
94.4%
1971San Francisco 49ers
93%
2015Arizona Cardinals
93%
2014Seattle Seahawks
93%
2013Seattle Seahawks
93%
2012San Francisco 49ers
93%
2011San Francisco 49ers
93%
2010Seattle Seahawks
93%
2009Arizona Cardinals
93%
2008Arizona Cardinals
93%
2007Seattle Seahawks
93%
2006Seattle Seahawks
93%
2005Seattle Seahawks
93%
2004Seattle Seahawks
93%
2003St. Louis Rams
93%
2002San Francisco 49ers
93%
2001St. Louis Rams
93%
1999St. Louis Rams
93%
1995San Francisco 49ers
93%
1994San Francisco 49ers
93%
1972San Francisco 49ers
91.5%
1973Los Angeles Rams
91.5%
1974Los Angeles Rams
91.5%
1975Los Angeles Rams
91.5%
Year Team % Correct
1976Los Angeles Rams
91.5%
1977Los Angeles Rams
91.5%
1978Los Angeles Rams
91.5%
1997San Francisco 49ers
91.5%
1993San Francisco 49ers
91.5%
1992San Francisco 49ers
91.5%
1990San Francisco 49ers
91.5%
1989San Francisco 49ers
91.5%
1988San Francisco 49ers
91.5%
1987San Francisco 49ers
91.5%
1986San Francisco 49ers
91.5%
1984San Francisco 49ers
91.5%
1983San Francisco 49ers
91.5%
1981San Francisco 49ers
91.5%
1979Los Angeles Rams
91.5%
2017Los Angeles Rams
91.4%
1991New Orleans Saints
90.1%
1985Los Angeles Rams
90.1%
1998Atlanta Falcons
88.7%
1980Atlanta Falcons
88.7%
1982Atlanta Falcons
87.3%
2000New Orleans Saints
85.9%
2018Los Angeles Rams
83.3%
1996Carolina Panthers
81.7%

You're not logged in!

Compare scores with friends on all Sporcle quizzes.
OR
Log In

Sporcle TV

Today on Sporcle TV


Watch our educational content, quiz creation guides, and fun videos on Sporcle TV.

Show Comments

Extras

Top Quizzes Today


Score Distribution

Your Account Isn't Verified!

In order to create a playlist on Sporcle, you need to verify the email address you used during registration. Go to your Sporcle Settings to finish the process.

Report this User

Report this user for behavior that violates our Community Guidelines.

Details: